Ekonomická revue cestovného ruchu
Saved in:
| Format: | Serial |
|---|---|
| Language: | Slovak |
| Published: |
Bratislava
Vysoká škola ekonomická
1969
|
| Tags: |
No Tags, Be the first to tag this record!
|
MARC
| LEADER | 00000nas2a2200000 4500 | ||
|---|---|---|---|
| 001 | 0012409 | ||
| 005 | 20260108110727.8 | ||
| 041 | 0 | |a slo | |
| 044 | |a SK | ||
| 245 | 1 | 0 | |a Ekonomická revue cestovného ruchu |
| 264 | 1 | |a Bratislava |b Vysoká škola ekonomická |c 1969 | |
| 300 | |a 1 zv. | ||
| 773 | 0 | |w eu_un_cat*s120041 | |